Common islands by photo - Statistics

General Stats
  • This quiz has been taken 19 times
  • The average score is 13 of 16
Answer Stats
Picture Answer % Correct
cyprus
100%
iceland
100%
greenland
93%
ireland
93%
hispaniola
87%
honshu
87%
sri lanka
87%
borneo
80%
java
80%
taiwan
80%
tasmania
73%
hokkaido
67%
luzon
67%
new guinea
67%
sulawesi
60%
sumatra
60%
No matching quizzes found
Score Distribution
Percent of People with Each Score
Percentile by Number Answered
Your Score History
You have not taken this quiz